<?xml version="1.0" encoding="UTF-8"?>
<record
    xmlns:xsi="http://www.w3.org/2001/XMLSchema-instance"
    xsi:schemaLocation="http://www.loc.gov/MARC21/slim http://www.loc.gov/standards/marcxml/schema/MARC21slim.xsd"
    xmlns="http://www.loc.gov/MARC21/slim">

  <leader>00580nam a22002171a 4500</leader>
  <controlfield tag="001">5745939</controlfield>
  <controlfield tag="005">20110718134055.0</controlfield>
  <controlfield tag="008">s1970 q1966    tz            000 0     d</controlfield>
  <datafield tag="035" ind1=" " ind2=" ">
    <subfield code="a">(MATPS)444920</subfield>
  </datafield>
  <datafield tag="035" ind1=" " ind2=" ">
    <subfield code="9">PMA3681YL</subfield>
  </datafield>
  <datafield tag="035" ind1=" " ind2=" ">
    <subfield code="a">5745939</subfield>
  </datafield>
  <datafield tag="050" ind1=" " ind2="4">
    <subfield code="a">PL 8704.K5L55 1966</subfield>
    <subfield code="b">PL 8704.K5L55 1966</subfield>
  </datafield>
  <datafield tag="100" ind1="1" ind2=" ">
    <subfield code="a">Kiimbila, J. K.</subfield>
  </datafield>
  <datafield tag="245" ind1="1" ind2="0">
    <subfield code="a">Lila na fila.</subfield>
    <subfield code="h">[Text]</subfield>
  </datafield>
  <datafield tag="260" ind1=" " ind2=" ">
    <subfield code="a">[Arusha]</subfield>
    <subfield code="b">Longman Tanzania</subfield>
    <subfield code="c">c1966</subfield>
  </datafield>
  <datafield tag="300" ind1=" " ind2=" ">
    <subfield code="a">vi, 65 p. ill.,</subfield>
  </datafield>
  <datafield tag="650" ind1=" " ind2="0">
    <subfield code="a">Swahili language.</subfield>
    <subfield code="v">Readers.</subfield>
  </datafield>
  <datafield tag="650" ind1=" " ind2="0">
    <subfield code="a">Swahili language.</subfield>
    <subfield code="v">Texts.</subfield>
  </datafield>
  <datafield tag="927" ind1=" " ind2=" ">
    <subfield code="a">AFIMLS</subfield>
  </datafield>
  <datafield tag="928" ind1=" " ind2=" ">
    <subfield code="a">AC09262000</subfield>
  </datafield>
  <datafield tag="999" ind1=" " ind2=" ">
    <subfield code="c">43621</subfield>
    <subfield code="d">43597</subfield>
  </datafield>
  <datafield tag="952" ind1=" " ind2=" ">
    <subfield code="0">0</subfield>
    <subfield code="1">0</subfield>
    <subfield code="2">lcc</subfield>
    <subfield code="4">0</subfield>
    <subfield code="7">0</subfield>
    <subfield code="8">SPE</subfield>
    <subfield code="a">CPL</subfield>
    <subfield code="b">CPL</subfield>
    <subfield code="c">S</subfield>
    <subfield code="d">2010-02-18</subfield>
    <subfield code="e">Donation- SIL</subfield>
    <subfield code="g">2.00</subfield>
    <subfield code="o">S PL 8704.K5L55 1966</subfield>
    <subfield code="p">R41224L3232</subfield>
    <subfield code="r">2019-09-26 00:00:00</subfield>
    <subfield code="t">1</subfield>
    <subfield code="w">2010-02-18</subfield>
    <subfield code="y">AFR(S)</subfield>
  </datafield>
</record>
